| 000 | nam a22 7a 4500 | ||
|---|---|---|---|
| 999 |
_c1115 _d1115 |
||
| 005 | 20170508141055.0 | ||
| 008 | 170508b1994 my ||||| |||| 00| 0 may d | ||
| 020 | _a983904527X | ||
| 040 | _aAKMAL | ||
| 082 | _a297.4 KAS | ||
| 090 |
_a297.4 _bKAS |
||
| 245 |
_aMotivasi Kecemerlangan Minda Mukmin : _bPintar-Cerdas Dalam Ibadah, Muamalah, Akhlak dan Sejarah Islam _cDrs. Kasmuri Selamat |
||
| 260 |
_aKuala Lumpur _bJasmin Enterprise _c1994 |
||
| 300 |
_a169ms _ccm |
||
| 942 |
_2ddc _cBOOK |
||